• 首页
  • 本馆介绍
  • 公告通知
  • 最新文献
  • 馆藏检索
  • 电子资源
  • 读者导购
  • 参考咨询
  • 我的图书馆
  • 登录
  • 详细信息显示
  • 放入我的书架
  • 预约/预借图书
  • 作者相关作品
  • 分类相关作品
  • 丛书相关作品
  • 出版社相关作品

书目信息

  • 表格格式
  • 工作单格式
  • 卡片格式
题名:
简易电视接收天线
    
 
作者: 房增田 编著
分册:  
出版信息: 北京   人民邮电出版社  1983
页数: 117页
开本: 19cm
丛书名: 无线电爱好者丛书
单 册:
中图分类: TN948.52
科图分类:
主题词: 电视天线
电子资源:
ISBN:
000 00764nam2 2200265 45
001 0183005236
005 20051226105520.67
010    @dCNY0.36
091    @a15045.2775
100    @a19950703d1983 em y0chiy0121 ea
101 0  @achi
102    @aCN@b110000
105    @ay zz 000yy
200 10 @a简易电视接收天线@Ajian yi dian shi jie shou tian xian@f房增田编著@Ffang zeng tian bian zhu
210    @a北京@c人民邮电出版社@d1983
215    @a117页@d19cm
225 2  @a无线电爱好者丛书
410  0 @120010@a无线电爱好者丛书
517 1  @a电视接收天线@Adian shi jie shou tian xian
606    @a电视天线
690    @aTN948.52@v3 
701  0 @a房增田@Afang zeng tian@4编著
801  2 @aCN@bNLC@c20051226
801  0 @aCN@bTSSF
905    @a10447@dTN948.52@e33
    
    简易电视接收天线/房增田编著.-北京:人民邮电出版社,1983
    117页;19cm.-(无线电爱好者丛书)
    
    
    ISBN :CNY0.36
    
●
相关链接 在E读中查询图书 在五车中查询图书 在当当中查询图书 在豆瓣中查询图书


正题名:简易电视接收天线     索取号:TN948.52/33         预约/预借

序号 登录号 条形码 馆藏地/架位号 状态 备注
1 0091374   202180558   密集书库/ [索取号:TN948.52/33] 在馆    
唐山师范学院图书馆 欢迎您!
大连网信软件有限公司© 版权所有